Cómo analizar un balance (Registro nro. 1926)

Detalles MARC
000 -LEADER
fixed length control field 01893 a2200205 4500
001 - CONTROL NUMBER
control field 29647
005 - DATE AND TIME OF LATEST TRANSACTION
control field 20260407155606.0
008 - FIXED-LENGTH DATA ELEMENTS--GENERAL INFORMATION
fixed length control field 260407a1976 arg spa d
003 - CONTROL NUMBER IDENTIFIER
control field AR-UNSa-BCEJYS
040 ## - CATALOGING SOURCE
Original cataloging agency AR-UNSa-BCEJYS
Language of cataloging spa
Transcribing agency AR-UNSa-BCEJYS
080 ## - UNIVERSAL DECIMAL CLASSIFICATION NUMBER
Universal Decimal Classification number 657.36
Common auxiliary subdivision Balances de comprobación (balance estimativo). Balances de saldo. Balance intermedio
100 1# - MAIN ENTRY--PERSONAL NAME
Personal name Lópes de Sa, Antonio
245 10 - TITLE STATEMENT
Title Cómo analizar un balance
250 ## - EDITION STATEMENT
Edition statement 6a. ed
264 #1 - PRODUCTION, PUBLICATION, DISTRIBUTION, MANUFACTURE, AND COPYRIGHT NOTICE
Place of production, publication, distribution, manufacture Buenos Aires :
Name of producer, publisher, distributor, manufacturer Selección Contable
Date of production, publication, distribution, manufacture, or copyright notice 1976
300 ## - PHYSICAL DESCRIPTION
Extent 262 p.
Dimensions 24 cm.
505 ## - FORMATTED CONTENTS NOTE
Formatted contents note Parte I: Conceptos preliminares relativos al estudio del analisis de balances 1. Introducción al análisis de balance - 2. Nociones sobre el balance contable - 3. Conjunto de activo y sus subconjuntos - 4. Conjunto de pasivo y sus subcinjuntos - 5. Demostración de ganancias y perdidas - Parte II: Análisis de balances elementos y cocientes 6. Liquidez financiera - 7. La rotación y su forma universal - 8. Rotación de inventarios o bienes de cambio - 9. Rotación de creditos - 10. Rotación de deudas - 11. Capital corriente y su formula - 12. Inventarios y capital corriente - 13. Deudas de financiación y capital corriente - 14. Ventas y capital corriente - 15. Activo circulante y capital propio - 16. Pasivo circulante y capital propio - 17. Activo fijo y capital propio - 18. Activo Fijo y deudas - 19. Activo fijo y circulante - 20. Rentabilidad del capital propio - 21. Rentabilidad del capitald de terceros - 22. Rentabilidad del capital fijo - 23. Rentabilidad del activo circulante - 24. Rentabilidad del capital corriente - 25. Rentabilidad de las ventas - 26. Rentabilidad de costos - 27. Ventas y capital propio - Parte III: Teoria y practica de la dinamica de la liquidez financiera 28. Problemas de liquidez - 29. Caso especial de analisis de liquidez.
590 ## - LOCAL NOTE (RLIN)
Local note niveau_biblio:m niveau_hierar:0
942 ## - ADDED ENTRY ELEMENTS (KOHA)
Koha item type
Existencias
Withdrawn status Lost status Damaged status Not for loan Home library Current library Shelving location Date acquired Total checkouts Full call number Barcode Date last seen Price effective from Koha item type
        Biblioteca Prof. Eusebio Cleto del Rey Biblioteca Prof. Eusebio Cleto del Rey   07/04/2026   657.36 L865c 6ed. L12326 07/04/2026 07/04/2026 Libro
        Biblioteca Prof. Eusebio Cleto del Rey Biblioteca Prof. Eusebio Cleto del Rey   07/04/2026   657.36 L865c 6ed. L12327 07/04/2026 07/04/2026 Libro